000 00441nam a2200181Ia 4500
003 GCL
008 140319s9999 xx 000 0 eng d
040 _aGCL /
_cGCL
082 0 4 _a372.86
_bD M
100 1 _aDEAN, JOAN
245 1 0 _aMANAGING THE PRIMARY SCHOOL /
_cDEAN, JOAN
260 _a[S.N] :
_bROUTLEDGE ،
_c1995
300 _a252 P
650 0 4 _aTEACHING
650 0 4 _aPRIMARY SCHOOLS
650 0 4 _aEDUCATION
942 _2ddc
_cBK
999 _c24097
_d24097